Monarquías de América Latina - Estadísticas

Estadísticas generales
  • Esta prueba ha sido intentada 72 veces
  • La puntuación promedio es 5 de 6
Estadísticas de respuestas
Monarca Reinado País % Correcto
Pedro I 1822-1831 Brasil
92%
Pedro II 1831-1889 Brasil
92%
Maximiliano I 1864-1867 México
78%
Agustín I 1821-1823 México
73%
Jacques I 1804-1806 Haití
72%
Faustin I 1849-1859 Haití
53%
No se encontraron pruebas coincidentes
Distribución de puntuación
Porcentaje de gente con cada puntuación
Porcentaje por número respondido
Historial de tus puntuaciones
No has intentado esta prueba.